| 000 | 01530cam a2200445 a 4500 | ||
|---|---|---|---|
| 001 | 6323601 | ||
| 003 | USPCAS-E | ||
| 005 | 20180118181416.0 | ||
| 006 | m o d | ||
| 007 | cr zn| | ||
| 008 | 070610s2005 ne ac fsb 001 0 eng d | ||
| 020 | _z0120887576 (cased) | ||
| 020 | _z9780120887576 | ||
| 035 | _a(CtWfDGI)bke00017875 | ||
| 035 | _a(NNC)6323601 | ||
| 040 |
_aCtWfDGI _beng _cCtWfDGI |
||
| 050 | 1 | 4 |
_aTK7881.15 _b.L86 2005eb |
| 082 | 0 | 4 |
_a621.317 _222 _bLUO 2005 |
| 100 | 1 | _aLuo, Fang Lin. | |
| 245 | 1 | 0 |
_aDigital power electronics and applications _h[electronic resource] / _cFang Lin Luo, Hong Ye, Muhammad Rashid. |
| 256 | _aComputer document. | ||
| 260 |
_aAmsterdam ; _aBoston : _bElsevier Academic, _cc2005 _e(Norwood, Mass. : _fBooks24x7.com [generator]) |
||
| 500 | _aTitle from title screen. | ||
| 502 | _a. | ||
| 504 | _aIncludes bibliographical references and index. | ||
| 516 | _aText. | ||
| 530 | _aAvailable also in a print ed. | ||
| 538 | _aMode of access: Internet via World Wide Web. | ||
| 550 | _aDigitized and made available by: Books24x7.com. | ||
| 650 | 0 | _aPower electronics. | |
| 650 | 0 | _aDigital electronics. | |
| 650 | 0 | _aDigital control systems. | |
| 655 | 7 |
_aElectronic books. _2lcsh |
|
| 700 | 1 |
_aYe, Hong, _d1973- _4aut |
|
| 700 | 1 |
_aRashid, Muhammad H. _q(Muhammad Harunur), _d1945- _4aut |
|
| 710 | 2 | _aBooks24x7, Inc. | |
| 856 | 4 | 0 |
_uhttp://www.columbia.edu/cgi-bin/cul/resolve?clio6323601 _zClick here for full text. |
| 942 |
_2ddc _cBK |
||
| 999 |
_c355852 _d355852 |
||